The 5 Countries Ending in L (30 seconds) - Statistics

General Stats
  • This quiz has been taken 72 times
  • The average score is 3 of 5
Answer Stats
Answer % Correct
Senegal
67%
Nepal
63%
Portugal
55%
Brazil
52%
Israel
40%
No matching quizzes found
Score Distribution
Percent of People with Each Score
Percentile by Number Answered
Your Score History
You have not taken this quiz